000 00209nam a22000857a 4500
008 161214b xxu||||| |||| 00| 0 eng d
100 _92054
_aNCERT
245 _aMarrigold English-I
260 _aNew Delhi
_bNCERT
_c2006
999 _c4925
_d4925